Klasifikácia strojárskych súčiastok z pohľadu ich výroby na CNC strojoch : dizertačná práca

Salvato in:
Dettagli Bibliografici
Autore principale: Šimna, Vladimír, 1985- (Autore)
Altri autori: Pokorný, Peter, 1976- (Relatore della tesi)
Natura: Manoscritto Libro
Lingua:slovacco
Pubblicazione: Trnava : STU v Bratislave MTF UVTE, 2013
Soggetti:
Accesso online:VAIS
Tags: Aggiungi Tag
Nessun Tag, puoi essere il primo ad aggiungerne!!

MARC

LEADER 00000ntm a22000003a 4500
001 stu273855
005 20150617230235.7
008 130905s2013----xo------------------slo-d
040 |a STU  |b slo 
041 0 |a slo 
044 |a xo 
100 1 |a Šimna, Vladimír,  |d 1985-  |4 aut  |u M3000  |U MTF Materiálovotechnologická fakulta  |T MTF Ústav výrobných technológií  |X 30333  |U M3000  |Y 83  |7 A000030333 
242 0 0 |a Machine parts classification in terms of their production on CNC machine tool  |y eng 
245 1 |a Klasifikácia strojárskych súčiastok z pohľadu ich výroby na CNC strojoch :  |b dizertačná práca 
260 |a Trnava :  |b STU v Bratislave MTF UVTE,  |c 2013 
300 |a 106 s  |c príl 
500 |a Číslo študijného odboru: 2307 
500 |a Názov študijného odboru: 5.2.7 strojárske technológie a materiály 
500 |a Študijný program: strojárske technológie a materiály 
650 7 |a strojárske technológie a materiály  |2 stusub 
650 7 |a Machine Technologies and Materials  |2 estusub 
650 7 |a dopredná kinematika  |2 stusub 
650 7 |a strojárske súčiastky  |2 stusub 
700 1 |a Pokorný, Peter,  |d 1976-  |4 ths  |u M3000  |U MTF Materiálovotechnologická fakulta  |T MTF Ústav výrobných technológií  |X 2771  |U M3000  |Y 83  |7 A000002771 
856 4 |a info a plný text  |u http://is.stuba.sk/zp/portal_zp.pl?podrobnosti=78531  |3 VAIS 
996 |c M*DzP-399  |l MMSKP  |s P  |a 0  |w stu273855_0001